000 00204nam a22000857a 4500
008 170130b xxu||||| |||| 00| 0 eng d
100 _92681
_aChrismer.M
245 _aMultiply This
260 _aNew York
_bSClastic
999 _c5836
_d5836